Japan Logo Quiz! #4 - Statistics

General Stats
  • This quiz has been taken 46 times
  • The average score is 7 of 24
Answer Stats
Picture Answer % Correct
PSP
74%
PSVita
56%
Gameboy Color
41%
Gran Turismo
41%
Makita
41%
Japan Airlines
38%
NTT Docomo
35%
PSN
35%
Shoei
32%
Super Smash
32%
Wii U
32%
Aquarius
29%
NEC
29%
Sega Saturn
26%
Chubu
24%
Daikin
24%
Sony Ericsson
24%
VHS
24%
AIWA
21%
Landwind
21%
Orient
18%
Pilot
18%
Verbatim
15%
Wacom
12%
No matching quizzes found
Score Distribution
Percent of People with Each Score
Percentile by Number Answered
Your Score History
You have not taken this quiz